[Event "Cto Equipos Aragon 2012 Pref. Descenso"]
[Site "Aragon"]
[Date "2012.04.14"]
[Round "10.48"]
[White "Minguez Guinda Andres"]
[Black "Gayan Carceller Miguel Angel"]
[Result "0-1"]
[WhiteElo "1923"]
[BlackElo "1909"]

1.e4 c6 2.d4 d5 3.Nc3 dxe4 4.Nxe4 Bf5 5.Ng3 Bg6 6.Nf3 Nd7 7.h4 h6 8.Bd3 Bxd3
9.Qxd3 Qc7 10.O-O Ngf6 11.c4 e6 12.Re1 Bd6 13.Nf5 O-O 14.Nxd6 Qxd6 15.b4 Rfe8
16.Qc3 Rad8 17.g3 Nh5 18.Kg2 Ndf6 19.Re5 g6 20.Kh3 Nd7 21.Rxh5 gxh5 22.Bxh6 e5
23.Bg5 Qe6+ 24.Kg2 f6 25.Be3 exd4 26.Bxd4 Ne5 27.Nxe5 fxe5 28.Bxa7 Qf5 29.Be3
Rd3 30.Qc2 Qe4+ 31.Kh2 Rxe3 32.Qd2 Rf3 33.Qg5+ Kf8 34.Qh6+ Ke7 35.Qg5+ Ke6 36.
Rf1 Ref8 37.Qh6+ R8f6 38.Qd2 Qd4 0-1

[Event "Cto Equipos Aragón 2012 Div H. Titulo"]
[Site "Aragon"]
[Date "2012.04.15"]
[Round "11.1"]
[White "Adla Diego"]
[Black "Antoli Royo Joaquin Miguel"]
[Result "1-0"]
[WhiteElo "2499"]
[BlackElo "2410"]

1.d4 d5 2.c4 e6 3.Nc3 c5 4.e3 Nf6 5.Nf3 Nc6 6.a3 a6 7.b3 Be7 8.Bb2 O-O 9.Bd3
b6 10.O-O Bb7 11.Rc1 Rc8 12.cxd5 exd5 13.dxc5 bxc5 14.Na4 Ne4 15.Nd2 Nxd2 16.
Qxd2 Na5 17.Bf5 Rc6 18.Rcd1 Rh6 19.Bc2 d4 20.exd4 Bxg2 21.Kxg2 Qd5+ 22.f3 Nxb3
23.Bxb3 Qxb3 24.Nxc5 Qd5 25.Ne4 Rb8 26.Rf2 Rbb6 27.Kh1 Rh3 28.Rg1 Rbh6 29.Qf4
f5 30.Qb8+ Bd8 31.Qa7 Rg6 32.Qc5 Qe6 33.d5 Rxg1+ 34.Kxg1 Qg6+ 35.Rg2 Bb6 36.
Rxg6 Bxc5+ 37.Nxc5 hxg6 38.d6 1-0

[Event "Cto Equipos Aragón 2012 Div H. Titulo"]
[Site "Aragon"]
[Date "2012.04.15"]
[Round "11.2"]
[White "Garza Marco Sergio"]
[Black "Glavina Pablo"]
[Result "1-0"]
[WhiteElo "2394"]
[BlackElo "2457"]

1.d4 Nf6 2.c4 c5 3.d5 e6 4.Nc3 exd5 5.cxd5 d6 6.e4 g6 7.f4 Bg7 8.Bb5+ Nfd7 9.
Bd3 Qh4+ 10.g3 Qe7 11.Nf3 O-O 12.O-O Nb6 13.Kg2 Bg4 14.h3 Bxf3+ 15.Qxf3 N8d7
16.Be3 Rac8 17.Rad1 Rfe8 18.Rfe1 a6 19.h4 h5 20.e5 dxe5 21.d6 Qxd6 22.f5 Nf8
23.fxg6 Nxg6 24.Bb5 e4 25.Qxf7+ Kxf7 26.Bxe8+ Rxe8 27.Rxd6 Nc4 28.Rd7+ Kg8 29.
Bxc5 b6 30.Bd4 Nge5 31.Rxe4 Nxd7 32.Rxe8+ Kf7 33.Re4 Bxd4 34.Rxd4 Nde5 35.Nd1
Ke6 36.b3 Nd6 37.Ne3 b5 38.Nd5 Nf5 39.Nf4+ Ke7 40.Re4 1-0

[Event "Cto Equipos Aragón 2012 Div H. Titulo"]
[Site "Aragon"]
[Date "2012.04.15"]
[Round "11.3"]
[White "Lopez Gracia Fernando"]
[Black "Fontana Sotomayor Luis Javier"]
[Result "1-0"]
[WhiteElo "2336"]
[BlackElo "2345"]

1.Nf3 Nf6 2.c4 d6 3.d4 Bg4 4.Nc3 Bxf3 5.exf3 g6 6.g3 Bg7 7.Bg2 O-O 8.O-O c6 9.
d5 cxd5 10.cxd5 Nbd7 11.Be3 a6 12.a4 Qa5 13.Rb1 Qb4 14.Re1 Rfe8 15.f4 Nc5 16.
a5 Nfd7 17.Ne2 Nb3 18.f5 Ne5 19.fxg6 hxg6 20.Nc3 Nxa5 21.Bg5 Rac8 22.h4 Qb3
23.Qe2 Qc4 24.Qd1 Qb3 25.Qe2 Qc4 26.Qe3 Nb3 27.h5 gxh5 28.Be4 Qd4 29.Qe2 Ng4
30.Bf5 Rc7 31.Rbd1 Qc4 32.Bd3 Qb4 33.Bb1 Nd4 34.Qe4 f5 35.Rxd4 Qxd4 36.Qe6+
Kh8 37.Qxf5 Qxf2+ 38.Qxf2 Nxf2 39.Kxf2 Bd4+ 40.Kg2 Rg8 41.Bxe7 Be5 42.Rxe5
dxe5 43.Bf6+ Rgg7 44.Ne4 Rc1 45.Bd3 Rd1 46.Nf2 Rc1 47.d6 Rc6 48.Ne4 Rc8 49.d7
Rd8 50.Nc5 b6 51.Bxd8 1-0

[Event "Cto Equipos Aragón 2012 Div H. Titulo"]
[Site "Aragon"]
[Date "2012.04.15"]
[Round "11.4"]
[White "Ramiro Ovejero Juan Luis"]
[Black "Moreno Gracia Daniel"]
[Result "1-0"]
[WhiteElo "2303"]
[BlackElo "2322"]

1.e4 c5 2.Nc3 d6 3.d4 cxd4 4.Qxd4 e5 5.Bb5+ Nd7 6.Qd3 h6 7.Nf3 Nf6 8.Nd2 Be7
9.Nc4 O-O 10.Bxd7 Bxd7 11.Ne3 Be6 12.Ned5 Nxd5 13.Nxd5 Rc8 14.O-O Bxd5 15.Qxd5
Qb6 16.c3 Rfd8 17.Be3 Qxb2 18.Rab1 Qxc3 19.Rfc1 Qa3 20.Rxc8 Rxc8 21.Qxb7 Re8
22.Qxa7 Qxa7 23.Bxa7 Rc8 24.Rb8 Rxb8 25.Bxb8 Kf8 26.a4 Ke8 27.a5 Kd7 28.a6 Kc6
29.a7 Kb7 30.g4 f6 31.h4 g6 32.h5 gxh5 33.gxh5 d5 34.exd5 Bc5 35.d6 e4 36.d7
Bb6 37.Bf4 Kxa7 38.Be3 1-0

[Event "Cto Equipos Aragón 2012 Div H. Titulo"]
[Site "Aragon"]
[Date "2012.04.15"]
[Round "11.5"]
[White "Llorente Zaro Alfonso"]
[Black "Forcen Esteban Daniel"]
[Result "1/2-1/2"]
[WhiteElo "2445"]
[BlackElo "2428"]

1.Nf3 g6 2.g3 Bg7 3.d4 Nf6 4.c4 O-O 5.Bg2 d6 6.O-O Nc6 7.Nc3 a6 8.d5 Na5 9.Nd2
c5 10.Qc2 Rb8 11.b3 b5 12.Bb2 1/2-1/2

[Event "Cto Equipos Aragón 2012 Div H. Titulo"]
[Site "Aragon"]
[Date "2012.04.15"]
[Round "11.10"]
[White "Cabrera Moreno Daniel"]
[Black "Chueca Forcen Alberto"]
[Result "0-1"]
[WhiteElo "2191"]
[BlackElo "2350"]

1.e4 Nf6 2.Nc3 d5 3.exd5 Nxd5 4.Bc4 e6 5.Bxd5 exd5 6.Qe2+ Be6 7.Qb5+ Nc6 8.
Qxb7 Nb4 9.Qb5+ c6 10.Qa4 Bd7 11.Qb3 Rb8 12.Kf1 Bd6 13.d4 Bf5 14.Qa4 Nxc2 15.
Rb1 O-O 16.Qxc6 Nb4 0-1

[Event "Cto Equipos Aragón 2012 Div H. Titulo"]
[Site "Aragon"]
[Date "2012.04.15"]
[Round "11.12"]
[White "Ferrer Serrano Roberto"]
[Black "Palacios Latasa Elias"]
[Result "1/2-1/2"]
[WhiteElo "2138"]
[BlackElo "2211"]

1.d4 Nf6 2.c4 g6 3.Nf3 Bg7 4.g3 O-O 5.Bg2 d5 6.cxd5 Nxd5 7.O-O Nb6 8.a4 a5 9.
e4 Bg4 10.d5 Qd7 11.Qb3 1/2-1/2

[Event "Cto Equipos Aragón 2012 Div H. Titulo"]
[Site "Aragon"]
[Date "2012.04.15"]
[Round "11.13"]
[White "Gavin Roche Enrique"]
[Black "Quintin Navarro Alberto"]
[Result "1/2-1/2"]
[WhiteElo "2253"]
[BlackElo "2201"]

1.d4 Nf6 2.c4 g6 3.Nc3 Bg7 4.e4 d6 5.Be2 O-O 6.Nf3 e5 7.d5 a5 8.Bg5 h6 9.Bh4
Na6 10.Nd2 Bd7 11.a3 Qe8 12.O-O a4 13.Nb5 Bxb5 14.cxb5 Nc5 15.f3 b6 16.b4 axb3
17.Nxb3 Nxb3 18.Qxb3 Nd7 19.a4 Nc5 20.Qc2 Ra7 21.Ra2 h5 22.Bf2 Qe7 23.Rfa1
Rfa8 24.Ra3 Bh6 25.Bd1 h4 26.Qe2 Kg7 27.Bc2 Bf4 28.Qe1 h3 29.g3 Qg5 30.Qf1 Rh8
31.a5 Rxa5 32.Rxa5 bxa5 33.Qe2 Ra8 34.Kh1 Bd2 35.f4 Bxf4 36.Bxc5 dxc5 37.gxf4
exf4 38.Ra3 Qe5 39.Rxh3 a4 40.Ra3 Qb2 41.Qd3 Qc1+ 42.Kg2 c4 43.Qc3+ Kg8 44.Ra1
f3+ 45.Kxf3 Qh6 46.Kg2 Qf4 47.Rf1 Qg5+ 48.Kh1 a3 49.Ra1 a2 50.Bd1 Ra3 51.Qd4
Rd3 52.Qg1 Qe5 53.Rxa2 Qxe4+ 54.Rg2 Qxd5 55.Be2 Rd4 56.Qe3 Qc5 57.Rg1 Qd6 58.
Rf1 Kg7 59.Qc3 Qe5 60.Bxc4 Qe4+ 61.Rf3 f6 62.Bf1 Qe5 63.Re3 Qd5+ 64.Bg2 Rd1+
65.Re1 Rxe1+ 66.Qxe1 Qxb5 67.Qe7+ Kh6 68.Qxf6 Qb1+ 69.Bf1 Qe4+ 70.Kg1 Qe3+ 71.
Kh1 Qe4+ 72.Bg2 Qb1+ 73.Bf1 Qb7+ 74.Bg2 Qb1+ 75.Bf1 Qb7+ 1/2-1/2

[Event "Cto Equipos Aragón 2012 Div H. Titulo"]
[Site "Aragon"]
[Date "2012.04.15"]
[Round "11.14"]
[White "Gimenez Martinez Alberto"]
[Black "Laliena Solanes Luis"]
[Result "1/2-1/2"]
[WhiteElo "2170"]
[BlackElo "2181"]

1.e4 c6 2.d4 d5 3.exd5 cxd5 4.c4 Nf6 5.Nc3 Nc6 6.Nf3 Bg4 7.cxd5 Nxd5 8.Qb3
Bxf3 9.gxf3 e6 10.Qxb7 Nxd4 11.Bb5+ Nxb5 12.Qc6+ Ke7 13.Qxb5 Nxc3 14.bxc3 Rb8
15.Qc5+ Ke8 16.Qxa7 Bd6 17.Qa4+ Ke7 18.Ba3 Ra8 19.Qh4+ f6 20.Bb4 Bxb4 21.Qxb4+
Qd6 22.Qb7+ Qd7 23.Qxd7+ Kxd7 24.Kd2 Ra5 25.Rhb1 Rha8 26.Rb7+ Kd6 27.Rxg7
Rxa2+ 28.Rxa2 Rxa2+ 29.Ke3 Rc2 30.Rxh7 Rxc3+ 31.Kf4 e5+ 32.Kg4 1/2-1/2

[Event "Cto Equipos Aragón 2012 Div H. Titulo"]
[Site "Aragon"]
[Date "2012.04.15"]
[Round "11.15"]
[White "Cobo Garrido Diego Israel"]
[Black "Juberias Segura Santiago"]
[Result "1-0"]
[WhiteElo "2049"]
[BlackElo "2045"]

1.e4 c5 2.Nf3 d6 3.d4 Nf6 4.Nc3 cxd4 5.Nxd4 a6 6.Be2 e5 7.Nb3 Be6 8.Bg5 Nbd7
9.Nd5 Bxd5 10.exd5 Be7 11.Be3 Rc8 12.c4 O-O 13.O-O Nb6 14.Nd2 Nfd7 15.Rc1 f5
16.f4 Bf6 17.b4 exf4 18.Bxf4 Be5 19.Be3 Qe7 20.Bf2 Kh8 21.Nf3 Bf4 22.Rc3 Qf7
23.Qd4 Be5 24.Nxe5 dxe5 25.Qd2 Rcd8 26.Bd1 Nc8 27.Bb3 Nd6 28.Bc2 Nf6 29.Qc1
Nfe4 30.Bxe4 Nxe4 31.Rf3 Nxf2 32.R1xf2 Qd7 33.Qc2 Qe7 34.a3 e4 35.Rxf5 Rxf5
36.Rxf5 e3 37.Qe2 Qe4 38.Rf3 Rc8 39.d6 Qd4 40.c5 h6 41.Rf1 a5 42.Rd1 Qe5 43.h3
axb4 44.axb4 Rf8 45.d7 Rd8 46.Rd3 Qa1+ 47.Kh2 Qe5+ 48.g3 Qg5 49.h4 Qe7 50.Rxe3
Qxd7 51.Re7 Qd5 52.Qg4 Rg8 53.Qd7 Qa2+ 54.Kh3 Qb1 55.Qxb7 Qf5+ 56.Kh2 Qf2+ 57.
Qg2 Qf6 58.Qe2 Qc3 59.Re4 Kh7 60.Rc4 Qf6 61.c6 g5 62.Qe4+ Rg6 63.Rc2 gxh4 64.
c7 Qd6 65.Qxh4 1-0

[Event "Cto Equipos Aragón 2012 Div H. Titulo"]
[Site "Aragon"]
[Date "2012.04.15"]
[Round "11.16"]
[White "Jaques Burguete Raul"]
[Black "Sanz Lopez Ruben"]
[Result "1-0"]
[WhiteElo "2032"]
[BlackElo "1945"]

1.e4 c5 2.Nf3 Nc6 3.d4 cxd4 4.Nxd4 g6 5.Nc3 Bg7 6.Be3 Nf6 7.Nxc6 bxc6 8.e5 Nd5
9.Nxd5 cxd5 10.Qxd5 Rb8 11.Bc4 O-O 12.O-O Qc7 13.f4 Bb7 14.Qd3 Rfd8 15.Bb3 d6
16.e6 f5 17.Bxa7 Ra8 18.Bd4 Ba6 19.c4 d5 20.Bxg7 dxc4 21.Qc3 Rd3 22.Qe5 Qxe5
23.Bxe5 cxb3 24.axb3 Rxb3 25.Rfe1 Rb6 26.Bd4 Rc6 27.b4 Rd8 28.Bc5 Kf8 29.h3
Bc4 30.Ra7 Re8 31.Rc1 Bd5 32.b5 Rxe6 33.b6 Rb8 34.Rc7 Ke8 35.Kf2 Rb7 36.Ra1
Rxc7 37.bxc7 Rc6 38.Ra8+ Kd7 39.Rd8+ Kxc7 40.Rxd5 Re6 41.Be3 h5 42.Ra5 Kd7 43.
Bd4 Ke8 44.Be5 Rc6 45.Ra8+ Kf7 46.Rh8 Rc2+ 47.Kg3 Ra2 48.Rh7+ Kf8 49.Rg7 Ra6
50.Kh4 Re6 51.Rh7 Kg8 52.Rh8+ Kf7 53.Kg5 Ra6 54.Rh7+ Kf8 55.Rg7 Ra2 56.Rxg6
Rxg2+ 57.Kxh5 Rh2 58.h4 1-0

[Event "Cto Equipos Aragón 2012 Div H. Descenso"]
[Site "Aragon"]
[Date "2012.04.15"]
[Round "11.17"]
[White "Cifuentes Parada Roberto"]
[Black "Romon Poves Raul"]
[Result "1-0"]
[WhiteElo "2523"]
[BlackElo "2296"]

1.Nf3 d5 2.d4 Nf6 3.c4 e6 4.Nc3 Be7 5.Bf4 O-O 6.e3 Nbd7 7.cxd5 exd5 8.Qc2 c6
9.Bd3 Re8 10.O-O-O Nf8 11.h3 Bd6 12.Bxd6 Qxd6 13.Ne5 N6d7 14.f4 f6 15.Nxd7
Bxd7 16.Rhe1 Re7 17.g4 Rae8 18.Qf2 c5 19.e4 cxd4 20.Nxd5 Re6 21.Qxd4 Kh8 22.
Kb1 Bc6 23.Bc4 Qb8 24.Bb3 Nd7 25.a3 b6 26.Nc3 R6e7 27.Qd6 Qb7 28.Bd5 Bxd5 29.
Nxd5 Re6 30.Qc7 Qc6 31.Qxc6 Rxc6 32.Nb4 Rc7 33.Na6 Rb7 34.e5 fxe5 35.fxe5 Kg8
36.Rd5 Nf6 37.Rb5 h5 38.gxh5 Nxh5 39.Nc5 Rbe7 40.Nd3 Rd8 41.Re3 Red7 42.e6
Rxd3 43.e7 Rd1+ 44.Kc2 R8d2+ 45.Kc3 Nf6 46.Rf5 Rd7 47.Rxf6 Rc7+ 48.Kb4 Rd4+
49.Kb3 Rxe7 50.Rxe7 gxf6 51.Rxa7 f5 52.Re7 Rd6 53.Kc4 Kf8 54.Re5 Rf6 55.Re2
Kg7 56.Rg2+ Kh6 57.Kd5 f4 58.Ke4 Kh5 59.Kf3 b5 60.Rg4 Rd6 61.Kxf4 b4 62.Ke5
Rd3 63.Rxb4 1-0

[Event "Cto Equipos Aragón 2012 Div H. Descenso"]
[Site "Aragon"]
[Date "2012.04.15"]
[Round "11.19"]
[White "Accattato Martin Mario"]
[Black "Gil Capape Marco Antonio"]
[Result "0-1"]
[WhiteElo "2190"]
[BlackElo "2059"]

1.e4 c5 2.Nf3 Nc6 3.Bb5 g6 4.O-O Bg7 5.c3 a6 6.Bxc6 dxc6 7.d3 Bg4 8.h3 Bxf3 9.
Qxf3 Nf6 10.Rd1 O-O 11.Be3 Nd7 12.Na3 b5 13.Nc2 Qc7 14.Rac1 f5 15.b4 Ne5 16.
Qg3 f4 17.Bxf4 Nf3+ 18.Qxf3 Rxf4 19.Qg3 Bxc3 20.bxc5 Raf8 21.d4 Qa5 22.Ne3
Rxe4 23.d5 Be5 24.Qg5 Bf6 25.Qg3 Bh4 26.Qf3 Rxf3 27.gxf3 Ra4 28.d6 e5 29.Ng4
Rxa2 30.d7 Rd2 31.Nxe5 Bxf2+ 32.Kh1 Bh4 33.Nxc6 Qa2 0-1

[Event "Cto Equipos Aragón 2012 Div H. Descenso"]
[Site "Aragon"]
[Date "2012.04.15"]
[Round "11.20"]
[White "Vasilev Vas"]
[Black "Abos Rosico Antonio"]
[Result "1/2-1/2"]
[WhiteElo "1929"]
[BlackElo "2087"]

1.d4 Nf6 2.Nf3 g6 3.c4 c6 4.Qa4 Bg7 5.Nc3 O-O 6.Bf4 d5 7.Bxb8 Rxb8 8.Qxa7 Bf5
9.e3 Re8 10.Be2 Ne4 11.Qa3 dxc4 12.Nxe4 Bxe4 13.Bxc4 Bxf3 14.gxf3 e5 15.dxe5
Bxe5 16.Qb3 Qa5+ 17.Ke2 Qc7 18.a4 Re7 19.h4 h5 20.Rag1 Qd6 21.Qd3 Qxd3+ 22.
Kxd3 Kf8 23.Kc2 b5 24.axb5 cxb5 25.Bd5 Rc7+ 26.Kb3 Rd7 27.e4 Rd6 28.Ra1 Rf6
29.Rh3 Rf4 30.Ra7 Bd4 31.Rb7 Rxb7 32.Bxb7 Bxf2 33.Kb4 Rxh4 34.Rxh4 Bxh4 35.
Kxb5 Ke7 36.Kc4 Kd6 37.Kd3 Be1 38.Ke2 Bg3 39.Kf1 h4 40.Kg2 f6 41.Bd5 f5 42.
exf5 Kxd5 1/2-1/2

[Event "Cto Equipos Aragón 2012 Div H. Descenso"]
[Site "Aragon"]
[Date "2012.04.15"]
[Round "11.22"]
[White "Valles Mata David"]
[Black "Garcia Perez Ramon"]
[Result "1/2-1/2"]
[WhiteElo "2184"]
[BlackElo "1884"]

1.e4 e5 2.Bc4 Bc5 3.Nc3 d6 4.d3 Nc6 5.f4 Bxg1 6.Rxg1 Qh4+ 7.Kf1 Bg4 8.Qd2 Qxh2
9.Nd5 Rc8 10.c3 exf4 11.Nxf4 Ne5 12.Bb3 Nf6 13.Qe3 Bd7 14.Bd1 Nfg4 15.Bxg4
Nxg4 16.Qh3 g6 17.Nd5 f5 18.Nf6+ Ke7 19.Nxg4 Qxh3 20.gxh3 fxg4 21.hxg4 Rcf8+
22.Ke2 h5 23.gxh5 gxh5 24.Rg7+ Rf7 25.Bg5+ Ke8 26.Rxf7 Kxf7 27.Rf1+ Ke8 28.Ke3
Rf8 29.Bf6 Bg4 30.d4 Kd7 31.e5 Ke6 32.c4 c6 33.Rf2 dxe5 34.dxe5 Rf7 35.Kd4
Rd7+ 36.Kc5 Rh7 37.Rf4 Rf7 38.a4 Bf5 39.a5 a6 40.Kb6 Rd7 41.b4 Bd3 42.Rh4 Be2
43.Re4 Bd3 44.Rf4 Bf5 45.Ka7 Bd3 46.Kb8 Bf5 47.Kc8 Bd3 48.Bg5 Rg7 49.Bf6 Rg4
50.Rf3 Bxc4 51.Kxb7 c5 52.Rh3 cxb4 53.Kb6 h4 54.Bxh4 Kxe5 55.Be1 Rg6+ 56.Kc5
Bb5 1/2-1/2

[Event "Cto Equipos Aragón 2012 Div H. Descenso"]
[Site "Aragon"]
[Date "2012.04.15"]
[Round "11.23"]
[White "Ramos Sanchez Martin"]
[Black "Solano Lasierra Javier"]
[Result "0-1"]
[WhiteElo "1846"]
[BlackElo "2172"]

1.e4 e6 2.d4 d5 3.exd5 exd5 4.Bd3 Bd6 5.Nf3 Nc6 6.c3 Bg4 7.O-O Nge7 8.Be3 Qd7
9.Nbd2 O-O-O 10.b4 f5 11.Bg5 h6 12.Bxe7 Nxe7 13.a4 Ng6 14.Qc2 Rdf8 15.b5 Nf4
16.b6 cxb6 17.Bb5 Qc7 18.a5 bxa5 19.Qb1 a6 20.Bd3 Nxd3 21.Qxd3 b5 22.h3 Bxf3
23.Qxf3 Rd8 24.Qxf5+ Kb8 25.Qd3 a4 26.Rfb1 Kc8 27.Kh1 Rhf8 28.Nf3 Rde8 29.Re1
a3 30.Rxe8+ Rxe8 31.Qf5+ Kb7 32.Qxd5+ Qc6 33.Qb3 Rc8 34.Rc1 Qc4 35.Qc2 b4 36.
Qg6 Qc7 37.c4 b3 38.c5 b2 0-1

[Event "Cto Equipos Aragón 2012 Div H. Descenso"]
[Site "Aragon"]
[Date "2012.04.15"]
[Round "11.24"]
[White "Felez Casedas Carlos"]
[Black "Orriach Gonzalez Juan Manuel"]
[Result "1/2-1/2"]
[WhiteElo "2024"]
[BlackElo "1787"]

1.Nf3 Nf6 2.b3 c5 3.Bb2 e6 4.e3 Be7 5.c4 d5 6.cxd5 exd5 7.Bb5+ Nc6 8.Qc2 Qb6
9.Be2 Be6 10.Nc3 O-O 11.Na4 Nb4 12.Qc3 Qc7 13.a3 Na6 14.O-O Nb8 1/2-1/2

[Event "Cto Equipos Aragón 2012 Div H. Descenso"]
[Site "Aragon"]
[Date "2012.04.15"]
[Round "11.25"]
[White "Lamas Mercadal Manuel"]
[Black "Villuendas Valero Adrian"]
[Result "0-1"]
[WhiteElo "2202"]
[BlackElo "2287"]

1.e4 c5 2.Nc3 e6 3.Nf3 a6 4.d4 cxd4 5.Nxd4 Qc7 6.Bd3 Nc6 7.Nxc6 bxc6 8.O-O Nf6
9.Qe2 d5 10.e5 Nd7 11.Bf4 Qb6 12.b3 Qd4 13.Qd2 Bb4 14.Rad1 Bxc3 15.Qc1 Qb4 16.
Qe3 Qb8 17.Qh3 Bxe5 18.Bxe5 Nxe5 19.Qh5 Nd7 20.Rfe1 Nf6 21.Qg5 Kf8 22.Re3 h6
23.Qh4 e5 24.Rf3 Qd6 25.Re3 e4 26.Bxe4 g5 0-1

[Event "Cto Equipos Aragón 2012 Div H. Descenso"]
[Site "Aragon"]
[Date "2012.04.15"]
[Round "11.26"]
[White "Colom Sienes Eduardo"]
[Black "Llanes Luno Pedro Alfredo"]
[Result "1/2-1/2"]
[WhiteElo "2032"]
[BlackElo "2148"]

1.e4 c5 2.Nf3 d6 3.d4 cxd4 4.Nxd4 Nf6 5.Nc3 a6 6.Bc4 e6 7.Bg5 Qc7 8.Bb3 Nc6 9.
Bxf6 gxf6 10.Nxc6 Qxc6 11.Qd4 Be7 12.O-O-O Qc5 13.Qd3 Bd7 14.f4 b5 15.e5 fxe5
16.fxe5 Qxe5 17.Rhe1 Qf4+ 18.Kb1 Bc6 19.g3 Qg4 20.Qe3 O-O 21.Rd4 Qf3 22.Qh6
Qf6 23.Qxf6 Bxf6 24.Rxd6 Bf3 25.Ne4 Bxe4 26.Rxe4 Rfd8 27.Rxd8+ Rxd8 28.c3 Rd2
29.h3 Rh2 30.h4 Rg2 31.Rg4+ Kf8 32.a4 h5 33.Rf4 Be5 34.Rf3 Rxg3 35.Rxg3 Bxg3
36.axb5 axb5 37.Bd1 Bxh4 38.Bxh5 Be7 39.b4 1/2-1/2

[Event "Cto Equipos Aragón 2012 Div H. Descenso"]
[Site "Aragon"]
[Date "2012.04.15"]
[Round "11.27"]
[White "Roche Simon Manuel Angel"]
[Black "Sanmartin Agustin Alvaro"]
[Result "0-1"]
[WhiteElo "2134"]
[BlackElo "2026"]

1.e4 c5 2.Nf3 a6 3.Nc3 e6 4.d4 cxd4 5.Nxd4 Qc7 6.g3 Nc6 7.Bg2 Bb4 8.Nxc6 bxc6
9.Qd4 Bxc3+ 10.Qxc3 f6 11.Be3 Ne7 12.O-O-O d6 13.Qa3 d5 14.Rhe1 Kf7 15.Bc5 Re8
16.f4 Bb7 17.h4 Rac8 18.Bh3 dxe4 19.Rxe4 Nd5 20.c4 f5 21.Red4 Nf6 22.Bd6 Qb6
23.c5 Qd8 24.Bf1 Nd5 25.Ra4 Ra8 26.Qf3 g6 27.Be2 h5 28.Rd3 a5 29.Rb3 Ra7 30.
Qf2 Qd7 31.Qd4 Ba6 32.Bxa6 Rxa6 33.Qd2 Rea8 34.Be5 R6a7 35.Rba3 Qd8 36.Bc3
Nxc3 37.Rxc3 Qxd2+ 38.Kxd2 Rb8 39.Kc2 Rb5 40.Rd4 Ke7 41.Rd6 Rxc5 42.Rxe6+ Kxe6
43.Rxc5 Kd6 44.Rc3 Re7 45.Kd2 Re4 46.Rb3 Kc5 47.a3 Rd4+ 48.Ke2 Re4+ 49.Kf3 Rc4
50.Rb8 a4 51.Ke3 Re4+ 52.Kd3 Rd4+ 53.Kc3 Rc4+ 54.Kd3 Rd4+ 55.Kc2 Rc4+ 56.Kb1
Re4 57.Rg8 Re6 58.Kc2 Kc4 59.Kd2 c5 60.Rb8 Rd6+ 61.Ke2 Rd3 62.Kf2 Rb3 0-1

[Event "Cto Equipos Aragón 2012 Div H. Descenso"]
[Site "Aragon"]
[Date "2012.04.15"]
[Round "11.28"]
[White "Sacristan Latorre Alberto"]
[Black "Campo Millan Diego"]
[Result "0-1"]
[WhiteElo "1989"]
[BlackElo "2091"]

1.e4 c5 2.Nf3 e6 3.d4 cxd4 4.Nxd4 a6 5.Nc3 Qc7 6.Bd3 Nc6 7.Nb3 Nf6 8.O-O Be7
9.f4 d6 10.a4 O-O 11.Be3 b6 12.Qe2 Re8 13.h3 Nb4 14.Rad1 Bd7 15.Qf2 Rab8 16.
Rfe1 Bc6 17.Rc1 e5 18.Qe2 Qb7 19.Bd2 Bf8 20.f5 Nxd3 21.Qxd3 d5 22.exd5 Nxd5
23.Qg3 Nxc3 24.Bxc3 f6 25.a5 b5 26.Rcd1 Rbd8 27.Qg4 Kh8 28.Kh2 b4 29.Bd2 Rd5
30.Be3 Red8 31.Rd2 Rxd2 32.Nxd2 Qb5 33.Nb3 Qd5 34.Bb6 Rd7 35.Be3 Bb7 36.Qe2
Qc6 37.Bb6 Rd5 38.Rc1 Qd7 39.Be3 Qxf5 40.c4 Rd3 41.Nd2 Qg6 42.Nf3 Qe4 43.Re1
Qxc4 44.Rd1 e4 45.Ne1 Qc7+ 46.Kg1 Rd7 47.Bb6 Qc6 48.Rxd7 Qxd7 49.Qh5 g6 50.Qe2
Qd5 51.Qf2 f5 52.Nc2 Qd1+ 53.Kh2 Bd6+ 54.g3 e3 55.Bd4+ Kg8 0-1

[Event "Cto Equipos Aragón 2012 Div H. Descenso"]
[Site "Aragon"]
[Date "2012.04.15"]
[Round "11.29"]
[White "Valiente Roy Jose Javier"]
[Black "Del Corral Abancens Alfonso"]
[Result "1-0"]
[WhiteElo "2005"]
[BlackElo "1935"]

1.b3 e5 2.Bb2 d6 3.e3 Nc6 4.Nf3 Nf6 5.c4 Bg4 6.Be2 Be7 7.Nc3 O-O 8.O-O Re8 9.
d4 Bf8 10.d5 Ne7 11.e4 Bxf3 12.Bxf3 Nd7 13.Bg4 g6 14.Bxd7 Qxd7 15.Ne2 Bg7 16.
f4 f5 17.fxe5 dxe5 18.Ng3 f4 19.Nh1 Qd6 20.Nf2 g5 21.Nd3 Ng6 22.a4 b6 23.b4 c5
24.bxc5 bxc5 25.Ba3 Rac8 26.Rb1 Nh4 27.Rb5 Qg6 28.Qe1 a6 29.Rb7 Bf8 30.g3 f3
31.Qf2 Qxe4 32.gxh4 g4 33.Qd2 Qd4+ 34.Kh1 h6 35.Qc2 e4 36.Nf2 h5 37.Nd1 Qf6
38.Bb2 Qxh4 39.Qc3 Qg5 40.Qh8# 1-0

[Event "Cto Equipos Aragón 2012 Div H. Descenso"]
[Site "Aragon"]
[Date "2012.04.15"]
[Round "11.30"]
[White "Munoz Bornao Miguel Angel"]
[Black "Bach Guillamon Francisco"]
[Result "1/2-1/2"]
[WhiteElo "1788"]
[BlackElo "1996"]

1.e4 c6 2.d4 d5 3.Nc3 dxe4 4.Nxe4 Bf5 5.Ng3 Bg6 6.Nf3 Nd7 7.Bd3 Bxd3 8.Qxd3
Ngf6 9.O-O e6 10.Re1 Be7 11.c4 O-O 12.Bf4 Re8 13.Rad1 Qa5 14.a3 b5 15.Bd2 Qa6
16.Rc1 bxc4 17.Qxc4 Qxc4 18.Rxc4 c5 19.Rec1 cxd4 20.Nxd4 Nd5 21.Nc6 N7b6 22.
Nxe7+ Rxe7 23.R4c2 h6 24.Ne4 1/2-1/2

[Event "Cto Equipos Aragón 2012 Div H. Descenso"]
[Site "Aragon"]
[Date "2012.04.15"]
[Round "11.31"]
[White "Munoz Suarez Luis Alberto"]
[Black "Ballonga Arruebo Alejandro"]
[Result "1-0"]
[WhiteElo "1994"]
[BlackElo "1704"]

1.e4 e6 2.d4 d5 3.e5 c5 4.c3 Qb6 5.Nf3 Bd7 6.Nbd2 Bb5 7.c4 dxc4 8.a4 Qa5 9.Be2
Nc6 10.axb5 Qxa1 11.bxc6 c3 12.bxc3 bxc6 13.O-O Qxc3 14.Qa4 Ne7 15.Ne4 Qb4 16.
Nd6+ Kd7 17.Qa1 Nd5 18.Ba3 Qc3 19.Bxc5 Bxd6 20.Bxd6 a5 21.Qb1 Ra7 22.Rc1 Nf4
23.Bf1 Nh3+ 24.gxh3 Qxf3 25.Bg2 1-0

[Event "Cto Equipos Aragón 2012 Div H. Descenso"]
[Site "Aragon"]
[Date "2012.04.15"]
[Round "11.32"]
[White "Santos Hernandez Higinio"]
[Black "Martin Barbero Roberto"]
[Result "0-1"]
[WhiteElo "1616"]
[BlackElo "1990"]

1.d4 d6 2.e4 Nf6 3.Nc3 g6 4.Bg5 Bg7 5.f3 O-O 6.Qd2 Nbd7 7.Bh6 c6 8.Bxg7 Kxg7
9.g4 e5 10.O-O-O Qa5 11.Kb1 b5 12.h4 h5 13.Bh3 Nb6 14.b3 c5 15.dxe5 dxe5 16.
Nd5 Qxd2 17.Rxd2 Nbxd5 18.exd5 hxg4 19.fxg4 Bxg4 20.Bxg4 Nxg4 21.Nf3 Rfe8 22.
d6 Rad8 23.h5 e4 24.Ne1 Re6 25.hxg6 Rxg6 26.d7 Nf6 27.Ng2 Rxd7 28.Re2 Nd5 29.
Kb2 f5 30.Nh4 Rf6 31.Rg2+ Kf7 32.Rg5 f4 33.Nf5 Ke6 34.Ng7+ Rxg7 35.Rxg7 f3 36.
Rxa7 e3 37.c4 bxc4 38.bxc4 Nb4 39.a3 f2 0-1

[Event "Cto Equipos Aragon 2012 Pref. Ascenso"]
[Site "Aragon"]
[Date "2012.04.15"]
[Round "11.33"]
[White "Salamero Pelay Fernando"]
[Black "Hinojar Basa Alfonso"]
[Result "0-1"]
[WhiteElo "2123"]
[BlackElo "2194"]

1.e4 e6 2.d4 d5 3.Nd2 Nf6 4.e5 Nfd7 5.Bd3 c5 6.c3 Nc6 7.Ngf3 Qb6 8.O-O g6 9.
Re1 Bg7 10.dxc5 Qc7 11.Nb3 Ndxe5 12.Bf4 O-O 13.Nfd4 a6 14.Nxc6 bxc6 15.Nd4 f6
16.h4 Qb7 17.Bc2 Qxb2 18.h5 Qxc3 19.hxg6 hxg6 20.Rc1 Qa5 21.Re3 Bd7 22.Rg3 f5
23.Bxe5 Bxe5 24.Rxg6+ Kf7 25.Nf3 Bf6 26.Rh6 Kg7 27.Rh3 Rh8 28.Rg3+ Kf7 29.Qe2
Qc7 30.Re1 Rh6 31.Qd2 Rah8 32.Kf1 f4 33.Ng5+ Ke7 34.Rg4 Rh1+ 35.Ke2 Qe5+ 0-1

[Event "Cto Equipos Aragon 2012 Pref. Ascenso"]
[Site "Aragon"]
[Date "2012.04.15"]
[Round "11.34"]
[White "Jario Garcia Ricardo"]
[Black "Gella Lopez Angel"]
[Result "0-1"]
[WhiteElo "2128"]
[BlackElo "2080"]

1.e4 c5 2.Nf3 e6 3.c3 Nf6 4.e5 Nd5 5.d4 cxd4 6.cxd4 b6 7.a3 Bb7 8.Bd3 d6 9.O-O
Nd7 10.Re1 Be7 11.Nbd2 dxe5 12.dxe5 O-O 13.Ne4 Nc5 14.Nxc5 bxc5 15.Qc2 h6 16.
Qc4 Nb6 17.Qb3 Bd5 18.Qd1 c4 19.Bb1 Bxf3 20.Qxf3 Bg5 21.Qe4 g6 22.Bxg5 Qxg5
23.h4 Qh5 24.Bc2 Rfd8 25.g3 Rd2 26.Bd1 Qf5 27.Qxf5 gxf5 28.Bf3 Rb8 29.Re2 Rd3
30.Kg2 Na4 31.Rc2 Rxb2 32.Rxc4 Rdd2 33.Rf1 Nb6 34.Rc7 a5 35.Rcc1 Ra2 36.Ra1
Rxf2+ 37.Rxf2 Rxa1 38.Rc2 Rxa3 39.Rc7 Rd3 40.Ra7 a4 41.Bh5 Nd7 42.Rxa4 Nxe5
43.Be2 Rd2 44.Kf1 Kg7 45.Ra5 Ng4 46.Ra4 Nf6 47.Ra3 Rc2 48.Bd3 Rb2 49.Be2 Ne4
50.Re3 Rc2 51.Bd3 Rc3 0-1

[Event "Cto Equipos Aragon 2012 Pref. Ascenso"]
[Site "Aragon"]
[Date "2012.04.15"]
[Round "11.35"]
[White "Bellosta Lopez Pablo"]
[Black "Sancho Cortes Miguel Angel"]
[Result "1/2-1/2"]
[WhiteElo "2042"]
[BlackElo "2094"]

1.c4 e5 2.Nc3 Nf6 3.g3 g6 4.Bg2 Bg7 5.e3 O-O 6.Nge2 c6 7.Qb3 d6 8.O-O Nbd7 9.
d4 Qe7 10.a4 a5 11.Bd2 Ra6 12.Qc2 Nb6 13.b3 exd4 14.Nxd4 d5 15.cxd5 Nbxd5 16.
Nxd5 Nxd5 17.Rac1 Nb4 18.Qc5 Qxc5 19.Rxc5 Rd8 20.Bxb4 axb4 21.Rc4 Bf8 22.Rfc1
c5 23.Rxc5 Bxc5 24.Rxc5 Rb6 25.Rc7 Re8 26.Bd5 Rf8 27.Kg2 Kg7 28.a5 Ra6 29.Rxc8
Rxc8 30.Bxb7 Rca8 31.Bxa8 Rxa8 32.Nc6 Kf6 33.e4 Ra6 34.Nxb4 Rxa5 35.Nd5+ Ke5
36.b4 Ra2 37.Nc3 Rb2 38.b5 Kd4 39.Nd1 Rxb5 40.Kf3 Rb3+ 41.Ne3 f6 42.h4 h6 43.
Kf4 Rb2 44.Kf3 g5 45.Nf5+ Ke5 46.Nxh6 gxh4 47.Ng4+ Ke6 48.gxh4 f5 49.exf5+
Kxf5 50.Ne3+ Kg6 51.Kg3 Kh5 52.Ng2 Rb4 53.f3 Ra4 54.Nf4+ Kh6 55.Nd5 Rd4 56.Nf6
Kg6 57.Ne4 Kf5 58.Nf2 Rd2 59.Ne4 Rd8 60.Nf2 Rd2 61.Ng4 Rd8 62.Ne3+ Ke5 63.h5
Rh8 64.h6 Ke6 65.Ng4 Kf5 66.Kh4 Kf4 67.Kh5 Rxh6+ 1/2-1/2